000 00573nam a2200205Ia 4500
005 20250508151914.0
008 008 250505s9999 xx 000 0 eng d
037 _aTextual
040 _aFEDL
_beng
_cFEDL
041 _aeng
_2eng
084 _a155.413, PIA
_qFEDL
100 _aPiaget Jean
245 0 _aChild's conception of space
260 _aLondon, UK
_bRoutledge and Kegan Paul
_c1956
300 _axii,490p.
650 _aChild Psychology
700 _a Inhelder Barbel
_9760336
942 _cTEXL
_h155.413, PIA
999 _c1332855
_d1332855